000 00600nam a22002177a 4500
999 _c601
_d601
003 OSt
005 20210327125552.0
008 141027b xxu||||| |||| 00| 0 eng d
020 _a9780443069116
020 _a 0808923544
040 _cDLC
082 _aQV4 R163h 2008
100 _aRang H. P.; [et....al]
_91537
245 _aRang and Dale's Pharmacology
250 _a6th ed.
260 _aChina;
_bChurchill Livingstone,
_c2008.
300 _axiii, 829 p :
_bcol.ill ;
_c30 cm.
504 _aIncludes Bibliographical references and index.
650 _aPharmacology
_9357
942 _2z
_cSLOAN